Normal view
MARC view
- صعوبات التعلم-التعليم- التعليم الخاص
Entry Topical Term
001 - CONTROL NUMBER
- control field: 60585
003 - CONTROL NUMBER IDENTIFIER
- control field: JO-AjAnu
005 - DATE AND TIME OF LATEST TRANSACTION
- control field: 20230606083913.0
008 - FIXED-LENGTH DATA ELEMENTS
- fixed length control field: 230606|| aca||aabn | a|a d
040 ## - CATALOGING SOURCE
- Original cataloging agency: JO-AjAnu
- Transcribing agency: JO-AjAnu
150 ## - HEADING--TOPICAL TERM
- Topical term or geographic name entry element: صعوبات التعلم-التعليم- التعليم الخاص
670 ## - SOURCE DATA FOUND
- Source citation: Work cat.: (JO-AjAnu)30896: الوقفي، راضي احمد, author 60584, صعوبات التعلم: النظري والتطبيقي= LEARNING DISABILITES